| 000 | 00778nam a2200229Ia 4500 | ||
|---|---|---|---|
| 003 | GCL | ||
| 008 | 140319s9999 xx 000 0 ara d | ||
| 040 |
_aGCL / _cGCL |
||
| 082 | 0 | 4 |
_aد _b050 _bد هـ |
| 245 | 1 | 0 | _aشباب مصر من اين ؟ والى اين 000 ( الهلال مارس 1998 ) |
| 260 |
_aالقاهرة : _bدار الهلال للطباعة والنشر ، _c1998 |
||
| 650 | 0 | 4 | _aالمرأة |
| 650 | 0 | 4 | _aالشعر |
| 650 | 0 | 4 | _aالقصة القصيرة |
| 650 | 0 | 4 | _aالقصة |
| 650 | 0 | 4 | _aالحب |
| 650 | 0 | 4 | _aالشباب فى مصر |
| 650 | 0 | 4 | _aالخديوى اسماعيل |
| 650 | 0 | 4 | _aكامل الزهيرى |
| 650 | 0 | 4 | _aمصر - تاريخ - العصر الحديث - عصر اسماعيل ( 1863-1879 م ) |
| 942 |
_2ddc _cCR |
||
| 999 |
_c6735 _d6735 |
||